00520nam a2200157 i 450000100060000000300090000600500170001500700030003200800410003510000300007624500650010626000330017130000200020450001030022485200350032739238ES-MaACL20230906155922.0t|030227s1980 sp ||||1| spa d1 aCambre Mariño, Jesús.13aLa nuclearización de España / cXesús Cambre Mariño. aBarcelona : b[s.n., c1980] a6 h. ; c23 cm. aEs separata de: Instituto Catolic d'Estudis Socials de Barcelona. julio-diciembre, 1980. p. 33-34. aES-MaACLj2127-F-11 bR.105713